Apuntes cerca de un nuevo manual de arqueología mexicana (Record no. 2649)

MARC details
000 -CABECERA
campo de control de longitud fija 00822nam a2200217 a 4500
001 - NÚMERO DE CONTROL
campo de control BRCA_2910
005 - FECHA Y HORA DE LA ÚLTIMA TRANSACCIÓN
campo de control 20190320204026.0
008 - DATOS DE LONGITUD FIJA--INFORMACIÓN GENERAL
campo de control de longitud fija 121208s1918----mx-a---###---#000-0#spa-#
050 #4 - SIGNATURA TOPOGRÁFICA DE LA BIBLIOTECA DEL CONGRESO
Número de clasificación F1219
Número de documento/Ítem .B49 1918
100 1# - ENTRADA PRINCIPAL--NOMBRE DE PERSONA
Nombre de persona Bayer, Hermann
9 (RLIN) 8096
245 10 - MENCIÓN DE TÍTULO
Título Apuntes cerca de un nuevo manual de arqueología mexicana
Mención de responsabilidad, etc. Hermann Beyer.
260 ## - PUBLICACIÓN, DISTRIBUCIÓN, ETC.
Lugar de publicación, distribución, etc. México
Nombre del editor, distribuidor, etc. Servicio de Informaciones Alemanas en México
Fecha de publicación, distribución, etc. 1918
300 ## - DESCRIPCIÓN FÍSICA
Extensión 46 p.
Otras características físicas il.
Dimensiones 23 cm.
440 #0 - MENCIÓN DE SERIE/PUNTO DE ACCESO ADICIONAL--TÍTULO
Título Disertaciones cientificas de autores alemanes en México
Número de parte o sección de la obra 2-3
9 (RLIN) 8097
500 ## - NOTA GENERAL
Nota general Contenido : Pte. 1 Critica cientifica.- Pte. 2 La piedra de sacrificios (Techcatl)del Museo Nacional de Arqueología, Historia y Etnología de México
500 ## - NOTA GENERAL
Nota general B40
650 14 - PUNTO DE ACCESO ADICIONAL DE MATERIA--TÉRMINO DE MATERIA
Término de materia o nombre geográfico como elemento de entrada Arqueología
9 (RLIN) 8098
651 #4 - PUNTO DE ACCESO ADICIONAL DE MATERIA--NOMBRE GEOGRÁFICO
Nombre geográfico México
Subdivisión general Antiguedades
9 (RLIN) 2765
902 ## - CATALOGADOR
Iniciales GFM
942 ## - ELEMENTOS DE PUNTO DE ACCESO ADICIONAL (KOHA)
Fuente del sistema de clasificación o colocación Library of Congress Classification
Tipo de ítem Koha Libros
Holdings
Estado de retiro Estado de pérdida Estado dañado No para préstamo Localización permanente Ubicación/localización actual Fecha de adquisición Número de inventario Total de préstamos Signatura topográfica completa Código de barras Fecha visto por última vez Precio válido a partir de Tipo de ítem Koha
El ejemplar forma parte de la colección y puede ser consultado según las políticas vigentes.       Biblioteca del Museo Franz Mayer (Rogerio Casas-Alatriste) Biblioteca del Museo Franz Mayer (Rogerio Casas-Alatriste) 12/12/2008 B40   F1219 .B49 1918 (B40) 2907 22/03/2019 22/03/2019 Libros